[Event "British Rapidplay"]
[Site "Peterborough"]
[Date "2024.03.03"]
[Round "7"]
[White "Birtwistle, Nigel"]
[Black "Jones, Steven"]
[Result "0-1"]
[WhiteElo "2048"]
[BlackElo "2217"]
[PlyCount "93"]
[EventDate "2024.03.02"]
[EventType "swiss (rapid)"]
[EventRounds "11"]
[EventCountry "ENG"]
[SourceTitle "CB10_2024"]
[SourceDate "2024.03.06"]
[SourceVersion "1"]
[SourceVersionDate "2024.03.06"]
[SourceQuality "1"]

1. Nf3 Nf6 2. d4 g6 3. c4 Bg7 4. Nc3 d5 5. cxd5 Nxd5 6. Qb3 Nxc3 7. bxc3 0-0 8. e3 c5 9. Be2 Qc7 10. 0-0 Be6 11. Qa3 b6 12. Bd2 Bd5 13. Rac1 Nd7 14. Rfd1 Rad8 15. c4 Bxf3 16. Bxf3 cxd4 17. exd4 Bxd4 18. Bh6 Bg7 19. Bxg7 Kxg7 20. Qxe7 Rfe8 21. Qb4 Ne5 22. Bd5 Ng4 23. Qc3+ Qe5 24. Qxe5+ Rxe5 25. Bf3 Rxd1+ 26. Rxd1 Nf6 27. g3 Ra5 28. Rd2 Ra4 29. Rc2 Ra3 30. Kg2 Nd7 31. Rd2 Ne5 32. Bd5 Rc3 33. Rd4 Rc2 34. a4 f5 35. h3 Ra2 36. Ba8 Rxa4 37. f4 Rxc4 38. Rd6 Rc2+ 39. Kf1 Nc4 40. Rd7+ Kf6 41. Rxa7 h5 42. Kg1 Rd2 43. Rc7 b5 44. Rc5 Nd6 45. h4 b4 46. Bd5 Rd3 47. Bc4 0-1

[Event "British Rapidplay"]
[Site "Peterborough"]
[Date "2024.03.03"]
[Round "11"]
[White "Birtwistle, Nigel"]
[Black "McCarthy, Kevin"]
[Result "1/2-1/2"]
[WhiteElo "2048"]
[BlackElo "1992"]
[PlyCount "36"]
[EventDate "2024.03.02"]
[EventType "swiss (rapid)"]
[EventRounds "11"]
[EventCountry "ENG"]
[SourceTitle "CB10_2024"]
[SourceDate "2024.03.06"]
[SourceVersion "1"]
[SourceVersionDate "2024.03.06"]
[SourceQuality "1"]

1. Nc3 g6 2. h4 c6 3. h5 gxh5 4. Rxh5 Nf6 5. Rh1 d5 6. d4 Bf5 7. Nf3 Nbd7 8. Bf4 Bg7 9. Ne5 Ne4 10. g4 Nxc3 11. bxc3 Nxe5 12. Bxe5 f6 13. Bf4 Bxg4 14. Rg1 e5 15. Be3 Qd7 16. f3 Be6 17. Rb1 b6 18. Bf2 Bh6 1/2-1/2

[Event "British Rapidplay"]
[Site "Peterborough"]
[Date "2024.03.03"]
[Round "10"]
[White "Patel, Keatan"]
[Black "Birtwistle, Nigel"]
[Result "0-1"]
[WhiteElo "1888"]
[BlackElo "2048"]
[PlyCount "46"]
[EventDate "2024.03.02"]
[EventType "swiss (rapid)"]
[EventRounds "11"]
[EventCountry "ENG"]
[SourceTitle "CB10_2024"]
[SourceDate "2024.03.06"]
[SourceVersion "1"]
[SourceVersionDate "2024.03.06"]
[SourceQuality "1"]

1. e4 c5 2. Nf3 g6 3. d4 Bg7 4. Be3 cxd4 5. Nxd4 Nf6 6. f3 0-0 7. Nc3 Nc6 8. Qd2 d5 9. exd5 Nxd5 10. Nxd5 Qxd5 11. Nxc6 Qxc6 12. c3 Bf5 13. 0-0-0 Qa4 14. b3 Qa3+ 15. Qb2 Qa5 16. b4 Qc7 17. Bd4 Bh6+ 18. Rd2 e5 19. Bc5 Rfd8 20. Bb5 Rxd2 21. Qxd2 Bxd2+ 22. Kxd2 Rd8+ 23. Ke3 b6 0-1

[Event "British Rapidplay"]
[Site "Peterborough"]
[Date "2024.03.02"]
[Round "4"]
[White "Mokhber Garcia, Sebastian"]
[Black "Birtwistle, Nigel"]
[Result "0-1"]
[WhiteElo "1772"]
[BlackElo "2048"]
[PlyCount "82"]
[EventDate "2024.03.02"]
[EventType "swiss (rapid)"]
[EventRounds "11"]
[EventCountry "ENG"]
[SourceTitle "CB10_2024"]
[SourceDate "2024.03.06"]
[SourceVersion "1"]
[SourceVersionDate "2024.03.06"]
[SourceQuality "1"]

1. e4 c5 2. Nf3 g6 3. d4 cxd4 4. Nxd4 Nc6 5. Be3 Nf6 6. Bd3 Bg7 7. 0-0 0-0 8. Nc3 d6 9. Nb3 Ng4 10. Bf4 Be6 11. h3 Nge5 12. Bxe5 Nxe5 13. f4 Qb6+ 14. Kh2 Nc4 15. Bxc4 Bxc4 16. Rf3 a5 17. Nd5 Bxd5 18. Qxd5 a4 19. Nd2 Qxb2 20. Rb1 Qxc2 21. Rxb7 e6 22. Qd3 Qxa2 23. Nc4 Rad8 24. f5 d5 25. Nb6 Be5+ 26. Kg1 dxe4 27. Qxe4 Rd1+ 28. Rf1 Bd4+ 29. Kh2 Rxf1 30. Qxd4 Rf2 31. Qe4 exf5 32. Qc6 Qd2 33. Kg1 a3 34. Nc4 Qe1+ 35. Kh2 Rf1 36. g4 Rf2+ 37. Kg3 f4+ 38. Kh4 Re2+ 39. Kg5 h6+ 40. Kxf4 g5+ 41. Kf5 Qf2+ 0-1

[Event "British Rapidplay"]
[Site "Peterborough"]
[Date "2024.03.02"]
[Round "2"]
[White "Vaidyanathan, Adithya"]
[Black "Birtwistle, Nigel"]
[Result "0-1"]
[WhiteElo "1900"]
[BlackElo "2048"]
[PlyCount "216"]
[EventDate "2024.03.02"]
[EventType "swiss (rapid)"]
[EventRounds "11"]
[EventCountry "ENG"]
[SourceTitle "CB10_2024"]
[SourceDate "2024.03.06"]
[SourceVersion "1"]
[SourceVersionDate "2024.03.06"]
[SourceQuality "1"]

1. Nf3 c5 2. c3 g6 3. d4 cxd4 4. cxd4 Bg7 5. e4 d5 6. e5 Bg4 7. Nc3 Nc6 8. Be3 e6 9. Be2 Nge7 10. Qd2 0-0 11. Ng1 Bxe2 12. Ngxe2 Nf5 13. Bf4 Qb6 14. Rd1 f6 15. Na4 Qd8 16. Nc5 Qc8 17. exf6 Bxf6 18. Nb3 b6 19. g4 Nh4 20. Kf1 Qd7 21. Bg3 Nf3 22. Qd3 Ng5 23. a3 Ne4 24. Kg2 Rf7 25. f3 Nd6 26. h4 Raf8 27. Rdf1 Nc4 28. Qc3 Be7 29. Nd2 N6a5 30. Nxc4 Nxc4 31. f4 Nd6 32. Qd3 Ne4 33. Nc3 Nxg3 34. Kxg3 Bd6 35. Ne2 e5 36. dxe5 Bxe5 37. b4 Bb8 38. Rf3 Re8 39. g5 Qe6 40. Rh2 Qe4 41. Qxe4 Rxe4 42. Rhf2 Rf5 43. Nc3 Rc4 44. Nb1 Rc1 45. Rf1 Rc2 46. R1f2 Rc4 47. Nd2 Rd4 48. Nb3 Rd1 49. Rf1 Rxf1 50. Rxf1 Be5 51. Rf3 Bb2 52. a4 Kf7 53. b5 Ke6 54. Re3+ Kd6 55. Re2 Bc3 56. Kf3 Rf7 57. Re8 Bb2 58. Rd8+ Ke6 59. Re8+ Kd7 60. Ra8 Ke6 61. Re8+ Re7 62. Rxe7+ Kxe7 63. Nd2 Ke6 64. Nb3 Kf5 65. Nd2 Bc3 66. Nf1 Be1 67. Ne3+ Ke6 68. h5 gxh5 69. f5+ Ke5 70. f6 Bb4 71. Nc2 Bc5 72. Ne1 Kf5 73. Nd3 Bd6 74. f7 Kxg5 75. Ne5 Kf6 76. Nc6 Kxf7 77. Nxa7 Ke6 78. Nc6 Bc5 79. Nd8+ Ke5 80. Nf7+ Kd4 81. Nd8 Kc4 82. Nc6 Kb3 83. a5 bxa5 84. Nxa5+ Kb4 85. Nc6+ Kxb5 86. Ne5 Kb4 87. Nd3+ Kc4 88. Ke2 d4 89. Nf4 h4 90. Nh3 Kc3 91. Nf2 Kc2 92. Kf3 Bb4 93. Ke2 h5 94. Nd3 Bd6 95. Ne1+ Kc3 96. Nd3 Bg3 97. Nc5 h3 98. Ne4+ Kc2 99. Nxg3 d3+ 100. Kf2 d2 101. Nf1 h2 102. Ne3+ Kd3 103. Kg2 Kxe3 104. Kxh2 d1Q 105. Kg2 Qf3+ 106. Kg1 Qe2 107. Kh1 Kf3 108. Kg1 Qg2# 0-1

[Event "BCF-chT2 2324 (4NCL)"]
[Site "England"]
[Date "2024.02.11"]
[Round "6.17"]
[White "Birtwistle, Nigel"]
[Black "Scott, Luke"]
[Result "0-1"]
[WhiteElo "2129"]
[BlackElo "1821"]
[PlyCount "58"]
[EventDate "2023.11.11"]
[EventType "team-tourn"]
[EventRounds "11"]
[EventCountry "ENG"]
[SourceTitle "CB11_2024"]
[SourceDate "2024.03.13"]
[SourceVersion "1"]
[SourceVersionDate "2024.03.13"]
[SourceQuality "1"]
[WhiteTeam "The Sharks II"]
[BlackTeam "Gonzaga"]
[WhiteTeamCountry "ENG"]
[BlackTeamCountry "ENG"]

1. Nf3 Nf6 2. c4 c5 3. Nc3 d5 4. cxd5 Nxd5 5. d4 Nxc3 6. bxc3 g6 7. e3 Bg7 8. Be2 0-0 9. 0-0 Nc6 10. Rb1 Qc7 11. Ba3 cxd4 12. cxd4 Rd8 13. Qb3 e5 14. dxe5 Nxe5 15. Nd4 a6 16. Rfc1 Qd7 17. h3 b5 18. Rd1 Qe8 19. Rbc1 Bb7 20. Rc7 Bd5 21. Qb1 Bf6 22. e4 Bc4 23. Qc2 Bxe2 24. Nxe2 Rxd1+ 25. Qxd1 Nc4 26. Bc5 Rd8 27. Qb3 Qe5 28. Rc6 Na5 29. Bd4 Rxd4 0-1

[Event "BCF-chT2 2324 (4NCL)"]
[Site "England"]
[Date "2024.02.10"]
[Round "5.66"]
[White "Birtwistle, Nigel"]
[Black "Farrand, Tom"]
[Result "0-1"]
[WhiteElo "2129"]
[BlackElo "2060"]
[PlyCount "94"]
[EventDate "2023.11.11"]
[EventType "team-tourn"]
[EventRounds "11"]
[EventCountry "ENG"]
[SourceTitle "CB11_2024"]
[SourceDate "2024.03.13"]
[SourceVersion "1"]
[SourceVersionDate "2024.03.13"]
[SourceQuality "1"]
[WhiteTeam "The Sharks II"]
[BlackTeam "CSC/Kingston"]
[WhiteTeamCountry "ENG"]
[BlackTeamCountry "ENG"]

1. d4 e6 2. Nf3 f5 3. Bg5 Be7 4. h4 Nf6 5. Nbd2 b6 6. Bxf6 Bxf6 7. e4 fxe4 8. Nxe4 Bb7 9. Bd3 Bxe4 10. Bxe4 d5 11. Bd3 Qd6 12. c3 Nd7 13. Ng5 Nf8 14. Qa4+ c6 15. 0-0-0 h6 16. Nf3 b5 17. Qa6 Rb8 18. Qxa7 Nd7 19. Ne5 Bxe5 20. dxe5 Qxe5 21. Rde1 Qf4+ 22. Kb1 Ke7 23. g3 Qf6 24. Qd4 b4 25. Qxf6+ gxf6 26. cxb4 Rxb4 27. Bf5 Nc5 28. a3 Rb3 29. Bc2 Rf3 30. Rhf1 Rb8 31. Ka2 Nd3 32. Bxd3 Rxd3 33. Re2 Kd6 34. Rc1 c5 35. g4 e5 36. Rg1 Rg8 37. Re3 Rd2 38. Rf3 Ke6 39. Rg2 c4 40. Rg1 d4 41. Ka1 Rb8 42. Rb1 Rc2 43. g5 fxg5 44. hxg5 hxg5 45. Rg3 Rxf2 46. Rxg5 Re2 47. Rg7 d3 0-1

[Event "Scarborough op"]
[Site "Scarborough"]
[Date "2023.10.28"]
[Round "2"]
[White "Ridge, Michael"]
[Black "Birtwistle, Nigel"]
[Result "0-1"]
[WhiteElo "1783"]
[BlackElo "2129"]
[PlyCount "70"]
[EventDate "2023.10.27"]
[EventType "swiss"]
[EventRounds "5"]
[EventCountry "ENG"]
[SourceTitle "Mega2024 Update 01"]
[Source "Chessbase"]
[SourceDate "2023.11.12"]
[SourceVersion "1"]
[SourceVersionDate "2023.11.12"]
[SourceQuality "1"]

1. e4 c5 2. Nf3 g6 3. d4 cxd4 4. Nxd4 Nc6 5. c4 Nf6 6. Nc3 Nxd4 7. Qxd4 d6 8. Be2 Bg7 9. Bg5 0-0 10. Qd2 a5 11. Rd1 Be6 12. f3 a4 13. c5 dxc5 14. Qxd8 Rfxd8 15. Rxd8+ Rxd8 16. Nxa4 Bxa2 17. Nxc5 Rc8 18. Be3 Ne8 19. 0-0 Nd6 20. b4 Bc4 21. Bxc4 Nxc4 22. Bf2 b5 23. Nd3 Rd8 24. Nf4 e6 25. Bc5 Be5 26. Ne2 Rd2 27. Re1 h5 28. f4 Bb2 29. Kf2 e5 30. g3 Kg7 31. fxe5 Nxe5 32. Rb1 f6 33. Ke1 Nf3+ 34. Kf1 Ne5 35. Ke1 Nc4 0-1

[Event "BCF-chT2 2223 (4NCL)"]
[Site "England"]
[Date "2023.03.18"]
[Round "7.66"]
[White "Birtwistle, Nigel"]
[Black "Gibson, Christopher A"]
[Result "1/2-1/2"]
[WhiteElo "2196"]
[BlackElo "1842"]
[PlyCount "81"]
[EventDate "2022.10.22"]
[EventType "team-tourn"]
[EventRounds "11"]
[EventCountry "ENG"]
[SourceTitle "EXT 2024"]
[Source "ChessBase"]
[SourceDate "2023.10.10"]
[SourceVersion "1"]
[SourceVersionDate "2023.10.10"]
[SourceQuality "1"]
[WhiteTeam "The Sharks II"]
[BlackTeam "The Rookies"]
[WhiteTeamCountry "ENG"]
[BlackTeamCountry "ENG"]

1. e4 c5 2. c3 Nf6 3. e5 Nd5 4. d4 cxd4 5. Nf3 e6 6. cxd4 d6 7. Bc4 Nc6 8. 0-0 Be7 9. Qe2 0-0 10. Qe4 Bd7 11. Bb3 Na5 12. Bc2 g6 13. Bh6 Re8 14. Nc3 Nxc3 15. bxc3 Bc6 16. Qf4 Bxf3 17. Qxf3 dxe5 18. Ba4 Nc6 19. Bxc6 bxc6 20. dxe5 Qd5 21. Qf4 Red8 22. h4 Qd3 23. h5 Rd5 24. Rab1 Rd7 25. Rb3 Qf5 26. Qxf5 exf5 27. hxg6 hxg6 28. Be3 Rd5 29. Rfb1 Bc5 30. Bf4 Bb6 31. g3 Re8 32. Kg2 Re6 33. Rc1 Kg7 34. Rb4 f6 35. exf6+ Kxf6 36. Rc2 g5 37. c4 Ra5 38. Bd2 Kg6 39. Rb3 Rae5 40. Bc3 Re4 41. Bb4 1/2-1/2

[Event "Hull 4NCL op"]
[Site "Hull"]
[Date "2022.10.14"]
[Round "1"]
[White "Birtwistle, Nigel"]
[Black "Hilton, Tim"]
[Result "1-0"]
[WhiteElo "2171"]
[BlackElo "1863"]
[PlyCount "53"]
[EventDate "2022.10.14"]
[EventType "swiss"]
[EventRounds "5"]
[EventCountry "ENG"]
[SourceTitle "CBM 210 Extra"]
[Source "ChessBase"]
[SourceDate "2022.11.30"]
[SourceVersion "1"]
[SourceVersionDate "2022.11.30"]
[SourceQuality "1"]

1. e4 e6 2. d4 d5 3. e5 c5 4. c3 Qb6 5. Nf3 Nc6 6. Bd3 cxd4 7. 0-0 Bd7 8. Re1 Nge7 9. h4 a6 10. Nbd2 Ng6 11. Nb3 Be7 12. h5 Nh4 13. Nfxd4 Nxd4 14. Nxd4 g6 15. Qg4 0-0-0 16. Be3 Qc7 17. g3 Nf5 18. Nxf5 gxf5 19. Qd4 Bc6 20. a4 Rhg8 21. Be2 Bg5 22. b4 Bxe3 23. Qxe3 Qd7 24. b5 axb5 25. axb5 Bxb5 26. Qb6 Ba4 27. Reb1 1-0

[Event "GBR-ch 108th"]
[Site "Torquay"]
[Date "2022.08.17"]
[Round "5"]
[White "Birtwistle, Nigel"]
[Black "Stoyanov, Viktor"]
[Result "1-0"]
[WhiteElo "2151"]
[BlackElo "2246"]
[PlyCount "69"]
[EventDate "2022.08.13"]
[EventType "swiss"]
[EventRounds "9"]
[EventCountry "ENG"]
[SourceTitle "CBM 209 Extra"]
[Source "ChessBase"]
[SourceDate "2022.09.30"]
[SourceVersion "1"]
[SourceVersionDate "2022.09.30"]
[SourceQuality "1"]

1. e4 e5 2. f4 exf4 3. Nf3 d6 4. d4 g5 5. h4 g4 6. Ng1 Nf6 7. Bxf4 Nxe4 8. Bd3 d5 9. Bxe4 dxe4 10. Qe2 Bd6 11. Qxe4+ Qe7 12. Qxe7+ Kxe7 13. Ne2 Bxf4 14. Nxf4 Rd8 15. Nc3 Rxd4 16. Nfd5+ Kd8 17. Nxc7 Kxc7 18. Nb5+ Kb6 19. Nxd4 Nc6 20. Nxc6 Kxc6 21. 0-0-0 Be6 22. Rhf1 Rg8 23. g3 Rg6 24. Rf4 Kc7 25. Rdf1 Kc6 26. Kd2 f5 27. Re1 b5 28. a3 Kd6 29. a4 a6 30. axb5 axb5 31. Rd4+ Bd5 32. Re8 Kc5 33. c3 Be4 34. Ke3 Rg7 35. Re6 1-0

[Event "GBR-ch 108th"]
[Site "Torquay"]
[Date "2022.08.13"]
[Round "1"]
[White "Birtwistle, Nigel"]
[Black "Arkell, Keith C"]
[Result "0-1"]
[WhiteElo "2151"]
[BlackElo "2409"]
[PlyCount "96"]
[EventDate "2022.08.13"]
[EventType "swiss"]
[EventRounds "9"]
[EventCountry "ENG"]
[SourceTitle "CBM 209 Extra"]
[Source "ChessBase"]
[SourceDate "2022.09.30"]
[SourceVersion "1"]
[SourceVersionDate "2022.09.30"]
[SourceQuality "1"]

1. e4 c6 2. Nc3 d5 3. Nf3 Bg4 4. h3 Bxf3 5. Qxf3 Nf6 6. d3 e6 7. Bd2 Bb4 8. e5 Nfd7 9. Qg4 Bf8 10. f4 h5 11. Qf3 c5 12. g3 Nc6 13. Bg2 Nd4 14. Qd1 g5 15. Ne2 gxf4 16. Bxf4 Bg7 17. c3 Nf5 18. d4 Qb6 19. Qd2 Rc8 20. dxc5 Qxc5 21. Nd4 Ne7 22. Qe2 Ng6 23. h4 Bxe5 24. Bxe5 Ngxe5 25. 0-0-0 Qc4 26. Qxc4 Nxc4 27. Rhe1 Nce5 28. Nf3 Nxf3 29. Bxf3 Kf8 30. Rd4 Nf6 31. Re5 Ke7 32. Kd2 Rcg8 33. Rg5 Rxg5 34. hxg5 Nh7 35. c4 Nxg5 36. Bg2 Ne4+ 37. Bxe4 dxe4 38. Rxe4 Rg8 39. Re5 Rxg3 40. Rxh5 Kd6 41. Rh7 Rf3 42. Ke2 Rf4 43. Kd3 a5 44. Rh8 Rf2 45. Kc3 f5 46. a3 Rf3+ 47. Kc2 f4 48. b4 Rxa3 0-1

[Event "BCF-chT 2122 (4NCL)"]
[Site "England"]
[Date "2022.04.30"]
[Round "7.140"]
[White "Wilson, Edgar"]
[Black "Birtwistle, Nigel"]
[Result "0-1"]
[WhiteElo "1856"]
[BlackElo "2110"]
[PlyCount "58"]
[EventDate "2021.11.27"]
[EventType "team-swiss"]
[EventRounds "11"]
[EventCountry "ENG"]
[SourceTitle "EXT 2023"]
[Source "ChessBase"]
[SourceDate "2022.10.05"]
[SourceVersion "1"]
[SourceVersionDate "2022.10.05"]
[SourceQuality "1"]
[WhiteTeam "Oxford"]
[BlackTeam "The Sharks II"]
[WhiteTeamCountry "ENG"]
[BlackTeamCountry "ENG"]

1. e4 c5 2. Nf3 g6 3. d4 cxd4 4. Nxd4 Bg7 5. Be3 Nc6 6. c4 Qb6 7. Nb3 Qd8 8. Qd2 Nf6 9. f3 0-0 10. Nc3 d6 11. Be2 Be6 12. 0-0 a5 13. Rac1 a4 14. Nd4 Nxd4 15. Bxd4 Qa5 16. Qe3 Nd7 17. Bxg7 Kxg7 18. Nd5 Bxd5 19. cxd5 Rfc8 20. Qd4+ Kg8 21. Rc4 Rxc4 22. Bxc4 Rc8 23. Be2 Rc2 24. Rf2 Rd2 25. Qc4 Rxb2 26. Rf1 Qd2 27. Kf2 Ne5 28. Qc8+ Kg7 29. Kg3 Qxe2 0-1

[Event "BCF-chT 2122 (4NCL)"]
[Site "England"]
[Date "2022.02.12"]
[Round "3.137"]
[White "Birtwistle, Nigel"]
[Black "Headlong, Fenella"]
[Result "1-0"]
[WhiteElo "2110"]
[BlackElo "1779"]
[PlyCount "75"]
[EventDate "2021.11.27"]
[EventType "team-swiss"]
[EventRounds "11"]
[EventCountry "ENG"]
[SourceTitle "EXT 2023"]
[Source "ChessBase"]
[SourceDate "2022.10.05"]
[SourceVersion "1"]
[SourceVersionDate "2022.10.05"]
[SourceQuality "1"]
[WhiteTeam "The Sharks II"]
[BlackTeam "Check Innmates"]
[WhiteTeamCountry "ENG"]
[BlackTeamCountry "ENG"]

1. Nf3 d5 2. c4 e6 3. g3 Nf6 4. Bg2 Be7 5. 0-0 0-0 6. d4 Nbd7 7. Qc2 c6 8. Nbd2 b6 9. e4 Bb7 10. e5 Ne8 11. cxd5 cxd5 12. Re1 Qc7 13. Qd3 a5 14. Nf1 Ba6 15. Qd1 b5 16. a3 b4 17. a4 Rc8 18. Ne3 Nb6 19. b3 Qc3 20. Bd2 Qc6 21. Rc1 Qd7 22. Rxc8 Qxc8 23. Qb1 Qd7 24. h4 f6 25. exf6 Nxf6 26. Ne5 Qd6 27. Rc1 Nc4 28. bxc4 dxc4 29. N3xc4 Qxd4 30. Be3 Qd8 31. Nc6 Qe8 32. Nxe7+ Qxe7 33. Nxa5 Ng4 34. Bc5 Qf6 35. Qxb4 Nxf2 36. Bxf8 Nd3 37. Qc3 Qf2+ 38. Kh2 1-0

[Event "Hull 4NCL op"]
[Site "Hull"]
[Date "2021.10.23"]
[Round "2"]
[White "Flynn, David"]
[Black "Birtwistle, Nigel"]
[Result "1/2-1/2"]
[WhiteElo "1863"]
[BlackElo "2194"]
[PlyCount "103"]
[EventDate "2021.10.22"]
[EventType "swiss"]
[EventRounds "5"]
[EventCountry "ENG"]
[SourceTitle "CBM 204 Extra"]
[Source "ChessBase"]
[SourceDate "2021.11.30"]
[SourceVersion "1"]
[SourceVersionDate "2021.11.30"]
[SourceQuality "1"]

1. e4 c5 2. Nc3 g6 3. d4 cxd4 4. Qxd4 Nf6 5. Nf3 Nc6 6. Qa4 d6 7. e5 dxe5 8. Nxe5 Bd7 9. Nxd7 Qxd7 10. Bb5 Bg7 11. 0-0 0-0 12. Be3 Rfc8 13. Rad1 Qf5 14. Bd3 Qa5 15. Qxa5 Nxa5 16. Be2 Nc4 17. Bc1 Ne5 18. f4 Nc6 19. Bf3 Rab8 20. Rfe1 Kf8 21. Be3 b6 22. Re2 Na5 23. Bd4 Rd8 24. Be5 Rxd1+ 25. Nxd1 Rd8 26. Ne3 Rc8 27. Rd2 Ke8 28. Bc3 Nc6 29. g3 Nh5 30. Bxg7 Nxg7 31. c3 Ne6 32. Kf1 Nb8 33. Be2 Nc7 34. Nd5 Nxd5 35. Rxd5 e6 36. Bb5+ Ke7 37. Rd2 Rc5 38. Be2 Nd7 39. Rd4 h5 40. Ra4 Rc7 41. Ke1 Nf6 42. Rd4 Rc5 43. Ra4 Rc7 44. Rd4 Ne8 45. Kd2 Nd6 46. Bd3 Rc5 47. Ra4 Rc7 48. Rd4 Ne8 49. Be2 Nf6 50. Bf3 Rc5 51. Ra4 Rc7 52. Rd4 1/2-1/2

[Event "Newcastle Northumbria Masters"]
[Site "Newcastle on Tyne"]
[Date "2021.08.30"]
[Round "9"]
[White "Mosnegutu, Klaus"]
[Black "Birtwistle, Nigel"]
[Result "0-1"]
[WhiteElo "2235"]
[BlackElo "2123"]
[PlyCount "148"]
[EventDate "2021.08.26"]
[EventType "swiss"]
[EventRounds "9"]
[EventCountry "ENG"]
[SourceTitle "CBM 204 Extra"]
[Source "ChessBase"]
[SourceDate "2021.11.30"]
[SourceVersion "1"]
[SourceVersionDate "2021.11.30"]
[SourceQuality "1"]

1. d4 Nf6 2. c4 c5 3. Nf3 cxd4 4. Nxd4 e5 5. Nf3 Nc6 6. Nc3 h6 7. a3 d6 8. b4 Be7 9. Nd5 Nxd5 10. cxd5 Nb8 11. e4 f5 12. Bb5+ Nd7 13. exf5 0-0 14. g4 Nf6 15. h3 a5 16. Be3 Kh8 17. Nh4 Rf7 18. Ng6+ Kh7 19. h4 Nxg4 20. Nxe7 Nxe3 21. fxe3 Rxe7 22. Qg4 Qb6 23. Qg6+ Kg8 24. 0-0 Qxb5 25. Ra2 Qxd5 26. Rg2 Bd7 27. f6 Rf7 28. e4 Qd4+ 29. Rff2 Qe3 30. Rg3 Qc1+ 31. Rf1 Qd2 32. Rf2 Qd1+ 33. Kh2 h5 34. Rg5 Qe1 35. Rgg2 Bg4 36. bxa5 Qe3 37. Rb2 Rc8 38. Rg3 Qh6 39. Qxh6 gxh6 40. Rd3 Rd8 41. Rb6 Rxf6 42. Rxb7 Ra8 43. Rb5 Bf3 44. Re3 Ra7 45. Rb2 Bg4 46. Rb5 Bd7 47. Rb8+ Kg7 48. Rd8 Bg4 49. Rb3 Rxa5 50. Rbb8 Be6 51. Rxd6 Rxa3 52. Rb7+ Bf7 53. Rd2 Rf4 54. Rdd7 Rxh4+ 55. Kg2 Rf4 56. Re7 h4 57. Rb2 h3+ 58. Kh2 Rxe4 59. Rc2 Rae3 60. Rf2 Rf4 61. Rb2 Kf6 62. Rc7 Be6 63. Rh7 Kg6 64. Re7 Bd5 65. Rb6+ Rf6 66. Rb2 Kh5 67. Rd7 Bg2 68. Rd1 Rf1 69. Rxf1 Bxf1 70. Rb4 Re2+ 71. Kg3 Rg2+ 72. Kf3 h2 73. Rb5 h1Q 74. Rxe5+ Rg5+ 0-1

[Event "Newcastle Northumbria Masters"]
[Site "Newcastle on Tyne"]
[Date "2021.08.29"]
[Round "7"]
[White "Kett, Timothy"]
[Black "Birtwistle, Nigel"]
[Result "0-1"]
[WhiteElo "2167"]
[BlackElo "2123"]
[PlyCount "102"]
[EventDate "2021.08.26"]
[EventType "swiss"]
[EventRounds "9"]
[EventCountry "ENG"]
[SourceTitle "CBM 204 Extra"]
[Source "ChessBase"]
[SourceDate "2021.11.30"]
[SourceVersion "1"]
[SourceVersionDate "2021.11.30"]
[SourceQuality "1"]

1. e4 c5 2. Nf3 g6 3. d4 cxd4 4. Nxd4 Bg7 5. Nc3 Nc6 6. Be3 Nf6 7. Bc4 0-0 8. Bb3 e6 9. f4 d6 10. 0-0 e5 11. Nxc6 bxc6 12. f5 gxf5 13. exf5 d5 14. Bg5 Qb6+ 15. Kh1 Qd4 16. Qf3 Qg4 17. Qxg4 Nxg4 18. f6 Bh6 19. Bxh6 Nxh6 20. Rae1 Re8 21. Re3 Nf5 22. Ref3 Nd4 23. Rg3+ Kh8 24. Nxd5 cxd5 25. Bxd5 Rb8 26. Bxf7 Rf8 27. Bd5 Rxb2 28. h3 Bb7 29. Bxb7 Rxb7 30. c3 Ne6 31. Re3 Rbf7 32. Rxe5 Rxf6 33. Rxf6 Rxf6 34. Ra5 Rf7 35. g4 Rc7 36. Kh2 Kg7 37. c4 Kf6 38. Kg3 Nc5 39. h4 Ke5 40. g5 Kd4 41. h5 Kxc4 42. a3 Kd5 43. Rb5 Kc4 44. Ra5 a6 45. Kg4 Kd5 46. g6 hxg6 47. hxg6 Kc6 48. Kf5 Kb6 49. Rxa6+ Kxa6 50. Kf6 Ne4+ 51. Ke5 Rg7 0-1

[Event "BCF-chT2b 1920 (4NCL)"]
[Site "Daventry"]
[Date "2020.02.29"]
[Round "1.71"]
[White "Stoyanov, Viktor"]
[Black "Birtwistle, Nigel"]
[Result "1-0"]
[WhiteElo "2234"]
[BlackElo "2110"]
[PlyCount "80"]
[EventDate "2020.01.11"]
[EventType "team-tourn"]
[EventRounds "11"]
[EventCountry "ENG"]
[SourceTitle "CBM 195 Extra"]
[Source "ChessBase"]
[SourceDate "2020.05.31"]
[SourceVersion "1"]
[SourceVersionDate "2020.05.31"]
[SourceQuality "1"]
[WhiteTeam "Guildford III"]
[BlackTeam "Grantham Sharks II"]
[WhiteTeamCountry "ENG"]
[BlackTeamCountry "ENG"]

1. d4 Nf6 2. c4 c5 3. d5 b5 4. cxb5 a6 5. b6 Qxb6 6. Nc3 g6 7. e4 d6 8. Nf3 Bg7 9. a4 0-0 10. a5 Qb4 11. Ra4 Qb7 12. Be2 Bd7 13. Ra3 Bb5 14. 0-0 Nbd7 15. Nd2 Rfb8 16. Re1 Ne8 17. Nc4 Qc7 18. Qc2 Bxc4 19. Bxc4 Rb4 20. Bf1 Ne5 21. Nd1 Rab8 22. Bd2 Nd7 23. Bc3 Qb7 24. Bxg7 Kxg7 25. Rh3 Rd4 26. Qe2 Nc7 27. Qe3 Nf8 28. Qg5 f6 29. Qh4 Qb4 30. Nc3 Qxa5 31. f4 Rxb2 32. e5 dxe5 33. Qh6+ Kf7 34. fxe5 Nxd5 35. exf6 exf6 36. Qc1 Rb7 37. Nxd5 Qd2 38. Qxd2 Rxd2 39. Nc3 g5 40. Ne4 Re7 1-0

[Event "BCF-chT2b 1920 (4NCL)"]
[Site "Daventry"]
[Date "2020.02.08"]
[Round "5.84"]
[White "Birtwistle, Nigel"]
[Black "Hamer, Martyn"]
[Result "1/2-1/2"]
[WhiteElo "2110"]
[BlackElo "2069"]
[PlyCount "48"]
[EventDate "2020.01.11"]
[EventType "team-tourn"]
[EventRounds "11"]
[EventCountry "ENG"]
[SourceTitle "CBM 194 Extra"]
[Source "ChessBase"]
[SourceDate "2020.03.31"]
[SourceVersion "1"]
[SourceVersionDate "2020.03.31"]
[SourceQuality "1"]
[WhiteTeam "Grantham Sharks II"]
[BlackTeam "Manchester Manticores"]
[WhiteTeamCountry "ENG"]
[BlackTeamCountry "ENG"]

1. Nf3 Nf6 2. g3 d5 3. c4 e6 4. Bg2 Be7 5. 0-0 0-0 6. b3 c5 7. cxd5 exd5 8. d4 Nc6 9. Bb2 Ne4 10. dxc5 Bxc5 11. e3 Bg4 12. Nc3 Nxc3 13. Bxc3 Qd7 14. Qd2 Rad8 15. Qb2 f6 16. b4 Bb6 17. b5 Na5 18. Bxa5 Bxa5 19. Qb3 Kh8 20. Nd4 Bb6 21. Rfc1 Bxd4 22. exd4 Be2 23. a4 Bc4 24. Qb4 b6 1/2-1/2

[Event "Newcastle Northumbria Masters"]
[Site "Newcastle on Tyne"]
[Date "2019.08.25"]
[Round "4"]
[White "Birtwistle, Nigel"]
[Black "Villiers, Thomas"]
[Result "0-1"]
[WhiteElo "2144"]
[BlackElo "2201"]
[PlyCount "74"]
[EventDate "2019.08.23"]
[EventType "swiss"]
[EventRounds "9"]
[EventCountry "ENG"]
[SourceTitle "EXT 2020"]
[Source "ChessBase"]
[SourceDate "2019.10.17"]
[SourceVersion "1"]
[SourceVersionDate "2019.10.17"]
[SourceQuality "1"]

1. e4 c6 2. d4 d5 3. exd5 cxd5 4. Bd3 Nc6 5. c3 Qc7 6. Ne2 Bg4 7. f3 Bd7 8. 0-0 Nf6 9. Re1 e6 10. Bf4 Bd6 11. Bxd6 Qxd6 12. Nd2 0-0 13. Nf1 Na5 14. b3 b5 15. Qd2 Rfc8 16. Rac1 Qb6 17. Kh1 Nb7 18. Bb1 Nd6 19. Nf4 a5 20. Nd3 b4 21. Nc5 bxc3 22. Qxc3 Nb7 23. Nxd7 Nxd7 24. Qd3 g6 25. Ne3 Nd6 26. a4 Rab8 27. Bc2 Qb4 28. Rb1 Rc3 29. Qa6 Rb6 30. Qa8+ Nb8 31. Rbc1 Ra6 32. Nxd5 Rxa8 33. Nxb4 axb4 34. Be4 Nxe4 35. fxe4 Nc6 36. d5 Nd4 37. d6 e5 0-1